书目信息 |
| 题名: |
c语言程序设计教程
|
|
| 作者: | 苏小红 编著 | |
| 分册: | ||
| 出版信息: | 北京 电子工业出版社 2002.02 |
|
| 页数: | 337页 | |
| 开本: | 26cm | |
| 丛书名: | ||
| 单 册: | ||
| 中图分类: | TP312C | |
| 科图分类: | ||
| 主题词: | 软件 | |
| 电子资源: | ||
| ISBN: | 7-5053-7478-8 | |
| 000 | 00573nam0 2200193 45 | |
| 001 | 0439823422 | |
| 005 | 20051214093121.41 | |
| 010 | @a7-5053-7478-8@d26.00CNY | |
| 100 | @a20040924d2002 km y0chiy0120 ea | |
| 101 | 0 | @achi |
| 102 | @aCN@b110000 | |
| 200 | 1 | @ac语言程序设计教程@Ac Yu Yan Cheng Xu She Ji Jiao Cheng@f苏小红等编著@FSu Xiao Hong Deng Bian Zhu |
| 210 | @a北京@c电子工业出版社@d2002.02 | |
| 215 | @a337页@d26cm | |
| 606 | 0 | @a软件 |
| 690 | @aTP312C@v4 | |
| 701 | 0 | @a苏小红@ASu Xiao Hong@4编著 |
| 801 | 0 | @aCN@bPFT@c20051214 |
| 905 | @a平顶山工学院@dTP312C@eS856 | |
| c语言程序设计教程/苏小红等编著.-北京:电子工业出版社,2002.02 |
| 337页;26cm |
| ISBN 7-5053-7478-8:26.00CNY |
| ● |
| 相关链接 |
|
|
|
正题名:c语言程序设计教程
索取号:TP312C/S856
 
预约/预借
| 序号 | 登录号 | 条形码 | 馆藏地/架位号 | 状态 | 备注 |
| 1 | 396445 | 203964451 | 自科二线400A/400A自科库 5排3列4层/ [索取号:TP312C/S856] | 在馆 | |
| 2 | 396446 | 203964460 | 自科库301/301自科库 54排6列1层/ [索取号:TP312C/S856] | 在馆 | |
| 3 | 396447 | 203964479 | 自科库301/301自科库 54排6列1层/ [索取号:TP312C/S856] | 在馆 | |
| 4 | 547149 | 205471498 | 自科二线400A/400A自科库 5排3列4层/ [索取号:TP312C/S856] | 在馆 | |
| 5 | 547150 | 205471504 | 自科二线400A/400A自科库 5排3列4层/ [索取号:TP312C/S856] | 在馆 | |
| 6 | 547151 | 205471513 | 自科库301/301自科库 55排2列4层/ [索取号:TP312C/S856] | 在馆 |